Điện và đời sống = Electricity & Life review

में बचाया:
ग्रंथसूची विवरण
स्वरूप: पुस्तक
भाषा:Undetermined
प्रकाशित: Hà Nội Hội Điện lực Việt Nam 2021
विषय:
टैग : टैग जोड़ें
कोई टैग नहीं, इस रिकॉर्ड को टैग करने वाले पहले व्यक्ति बनें!
Thư viện lưu trữ: Trung tâm Học liệu Trường Đại học Cần Thơ
LEADER 00581nam a2200193Ia 4500
001 CTU_240323
008 210402s9999 xx 000 0 und d
020 |c 25000 
082 |a 621.3 
082 |b Đ305 
245 0 |a Điện và đời sống = 
245 0 |b Electricity & Life review 
245 0 |c Hội Điện lực Việt Nam 
260 |a Hà Nội 
260 |b Hội Điện lực Việt Nam 
260 |c 2021 
650 |a Electricity,Kỹ thuật điện 
904 |i T.Trang 
980 |a Trung tâm Học liệu Trường Đại học Cần Thơ